000
00247nam a2200085Ia 4500
008
220204s9999 xx 000 0 und d
082
_a
06.055.5:331
_b
ADM
245
0
_a
Administration report of the labour department, Trivandrum. 1951-1958
942
_c
BK
999
_c
21980
_d
21980